Wird geladen...

Antarrashtriya katha sahitya/

Bibliographische Detailangaben
1. Verfasser: Mandhane,Dhanraj
Format: Printed Book
Sprache:Hindi
Veröffentlicht: Kanpur: Annapoorna Prakashan, 2012
Ausgabe:1Ed.
Schlagworte:
LEADER 00632nam a22001817a 4500
008 140827b xxu||||| |||| 00| 0 hin d
020 |a 9788189353476 
100 |a Mandhane,Dhanraj 
245 |a Antarrashtriya katha sahitya/  |c Dhanraj Mandhane 
250 |a 1Ed. 
260 |a Kanpur:  |b Annapoorna Prakashan,  |c 2012 
300 |a 304p.; 
500 |a Criticism-Stories 
546 |a In Hindi. 
650 0 |a Kahani Alochana 
942 |c BK 
999 |c 246602  |d 246602 
952 |0 0  |1 0  |4 0  |6 S_43  |7 0  |9 273768  |a HIN  |b HIN  |c S-43  |d 2014-09-24  |e The Bookshop,Publication Dvision,University of Calicut  |g 600.00  |i 23096  |l 0  |o S-43  |p HIN23096  |r 2014-09-24  |w 2014-09-24  |y BK